The Closed Graph and P-Closed Graph Properties in General Topology
Αποθηκεύτηκε σε:
| Κύριος συγγραφέας: | |
|---|---|
| Άλλοι συγγραφείς: | |
| Μορφή: | Βιβλίο |
| Γλώσσα: | English |
| Δημοσίευση: |
Rhode island :
American Mathematical Society,
c1981
|
| Σειρά: | Contemporary mathematics (American Mathematical Society) ;
; 3 |
| Θέματα: | |
| Ετικέτες: |
Προσθήκη ετικέτας
Δεν υπάρχουν, Καταχωρήστε ετικέτα πρώτοι!
|
MARC
| LEADER | 00000nam a2200000 i 4500 | ||
|---|---|---|---|
| 001 | 1/42035 | ||
| 008 | 950308s1981 eng d | ||
| 020 | |a 0-8218-5004-0 | ||
| 035 | |1 ΕΛΗ |a 1995 |c ΧΑΡΑΛΑΜΠΟΥΣ |l 10041657 | ||
| 040 | |a GR-MY-UA |b gre |e aacr | ||
| 041 | 0 | |a eng | |
| 082 | 0 | |a 514.322 | |
| 100 | 1 | |a Hamlett, T. R. |d 1950- | |
| 245 | 1 | 4 | |a The Closed Graph and P-Closed Graph Properties in General Topology / |c T.R. Hamlett, L.L. Herrington |
| 260 | |a Rhode island : |b American Mathematical Society, |c c1981 | ||
| 300 | |a 68 p.; |c 24 cm. | ||
| 490 | 1 | |a Contemporary mathematics |v ; 3 | |
| 500 | |a Includes bibliographical references and index | ||
| 650 | 0 | 0 | |a Topological spaces. |
| 650 | 0 | 0 | |a Closed graph theorems. |
| 700 | 1 | |a Herringrton, L. L. |d 1944- | |
| 830 | 0 | |a Contemporary mathematics (American Mathematical Society) ; |v ; 3 | |
| 852 | |a INST |b SAMOS |e 19950308 |h 514.322 HAM |p 005300009845 |q 005300009845 |t BK |y 0 | ||
| 909 | |a Σ |b 044730 | ||